000 00439nam a2200181Ia 4500
001 10708
005 20260306161852.0
008 260306t1966||||xx |||||||||||||| ||spa||
041 _aESP
082 _a946.082
_bM569
100 _aFranco, Francisco
_eAUT
245 0 _aEl movimiento nacional:
_btextos de Franco
260 _c1966
300 _a131 páginas :
_c21 cm.
650 _aGEN
654 _aCHU
942 _cLIB
_dJUS
_fJUS
_2ddc
_n
999 _c10708
_d10708